[Event "FICGS W-ch st1 g01 email"]
[Site "FICGS email"]
[Date "2023.07.04"]
[Round "1"]
[White "Ward, David"]
[Black "Csoma, Robert"]
[Result "1-0"]
[WhiteElo "2113"]
[BlackElo "1725"]
[PlyCount "43"]
[EventDate "2023.??.??"]
[EventType "tourn (corr)"]
[EventRounds "6"]
[SourceTitle "Corr 2024"]
[Source "ChessBase"]
[SourceDate "2023.10.19"]
[SourceVersion "1"]
[SourceVersionDate "2023.10.19"]
[SourceQuality "1"]

1. e4 d6 2. d4 Nf6 3. Nc3 c6 4. f4 g6 5. Nf3 Bg7 6. Bd3 Qc7 7. 0-0 0-0 8. Qe1 Nbd7 9. e5 dxe5 10. fxe5 Nd5 11. Qh4 N7b6 12. Ng5 h6 13. Nxf7 Rxf7 14. Rxf7 Kxf7 15. Bxh6 Bf5 16. e6+ Bxe6 17. Bxg6+ Kxg6 18. Qg5+ Kf7 19. Qxg7+ Ke8 20. Ne4 Kd7 21. Nc5+ Kd6 22. Qe5# 1-0

[Event "LSS ZN-2023-0-04483"]
[Site "LSS email"]
[Date "2023.04.26"]
[Round "?"]
[White "Csoma, Robert"]
[Black "Ventura, Bob"]
[Result "1-0"]
[WhiteElo "978"]
[BlackElo "699"]
[PlyCount "87"]
[EventDate "2023.04.17"]
[EventType "match (corr)"]
[EventRounds "2"]
[EventCountry "GER"]
[SourceTitle "Corr 2024"]
[Source "ChessBase"]
[SourceDate "2023.10.19"]
[SourceVersion "1"]
[SourceVersionDate "2023.10.19"]
[SourceQuality "1"]

1. e4 e5 2. Nf3 Nc6 3. d4 exd4 4. Nxd4 Bc5 5. Nb3 Bb6 6. Be2 Qf6 7. 0-0 a6 8. Nc3 d6 9. Nd5 Qg6 10. Nxb6 cxb6 11. Be3 Qxe4 12. Bxb6 Be6 13. Bc7 Nf6 14. Bf3 Qg6 15. Qxd6 Nd7 16. Bxc6 Qf6 17. Bxd7+ Bxd7 18. Qxf6 gxf6 19. Rfe1+ Be6 20. Nd4 0-0 21. Nxe6 fxe6 22. Rxe6 Rac8 23. Bd6 Rf7 24. c3 Rc6 25. Rae1 Kg7 26. Ba3 Rcc7 27. Re7 Rc6 28. Rxf7+ Kxf7 29. Re7+ Kg6 30. Rxb7 Re6 31. Kf1 h5 32. c4 Rc6 33. b3 Re6 34. c5 Kf5 35. Rb6 Ke5 36. Rxe6+ Kxe6 37. Ke2 Kd5 38. Kd3 f5 39. b4 h4 40. Bc1 Kc6 41. g3 h3 42. Kd4 Kb5 43. Kd5 Kxb4 44. c6 1-0

[Event "FICGS theme 0254 email"]
[Site "FICGS email"]
[Date "2023.01.19"]
[Round "1"]
[White "Tedoldi, Guido"]
[Black "Csoma, Robert"]
[Result "1-0"]
[WhiteElo "1678"]
[BlackElo "1712"]
[PlyCount "59"]
[EventDate "2023.??.??"]
[EventType "swiss (corr)"]
[EventRounds "1"]
[SourceTitle "Corr 2024"]
[Source "ChessBase"]
[SourceDate "2023.10.19"]
[SourceVersion "1"]
[SourceVersionDate "2023.10.19"]
[SourceQuality "1"]

1. d4 f5 2. Qd3 d5 3. g4 fxg4 4. Bf4 Nf6 5. Nc3 e6 6. 0-0-0 Bd6 7. Be5 Nbd7 8. Bg3 Bxg3 9. Qxg3 c6 10. e3 Qe7 11. Bd3 0-0 12. Rf1 e5 13. dxe5 Nxe5 14. h4 Nxd3+ 15. cxd3 Bf5 16. Rd1 b5 17. h5 a5 18. Nge2 a4 19. Nd4 Bd7 20. a3 b4 21. axb4 Qxb4 22. Nc2 Qb6 23. Na3 Bf5 24. Nc2 c5 25. Qe5 Be6 26. h6 g6 27. Rdf1 Qa6 28. f4 Rfe8 29. Qxf6 Ra7 30. Kd2 1-0

[Event "LSS SF-2022-0-00528"]
[Site "LSS email"]
[Date "2022.12.21"]
[Round "?"]
[White "Beaver, Michael"]
[Black "Csoma, Robert"]
[Result "1-0"]
[WhiteElo "1140"]
[BlackElo "963"]
[PlyCount "49"]
[EventDate "2022.08.31"]
[EventType "tourn (corr)"]
[EventRounds "6"]
[EventCountry "GER"]
[SourceTitle "Corr 2024"]
[Source "ChessBase"]
[SourceDate "2023.10.19"]
[SourceVersion "1"]
[SourceVersionDate "2023.10.19"]
[SourceQuality "1"]

1. e4 d6 2. d4 Nf6 3. Nc3 c6 4. f4 Bg4 5. Nf3 Qc7 6. h3 Bxf3 7. Qxf3 e5 8. dxe5 dxe5 9. fxe5 Qxe5 10. Bf4 Qa5 11. Bc4 Bb4 12. a3 Bxc3+ 13. Qxc3 Qxc3+ 14. bxc3 Nxe4 15. 0-0 0-0 16. Rae1 Nxc3 17. Re7 b5 18. Bd6 Na6 19. Bxf7+ Kh8 20. Be5 Nd5 21. Bxd5 cxd5 22. Bxg7+ Kg8 23. Rxf8+ Rxf8 24. Bxf8 Kxf8 25. Rxa7 1-0

[Event "FICGS class C 000306 email"]
[Site "FICGS email"]
[Date "2022.10.15"]
[Round "1"]
[White "Csoma, Robert"]
[Black "Domingo, Jordi"]
[Result "0-1"]
[WhiteElo "1752"]
[BlackElo "1962"]
[PlyCount "44"]
[EventDate "2022.??.??"]
[EventType "tourn (corr)"]
[EventRounds "4"]
[SourceTitle "Corr 2024"]
[Source "ChessBase"]
[SourceDate "2023.10.19"]
[SourceVersion "1"]
[SourceVersionDate "2023.10.19"]
[SourceQuality "1"]

1. d4 h6 2. e4 c5 3. c3 cxd4 4. cxd4 d6 5. Nc3 g5 6. f4 gxf4 7. Bxf4 Bg7 8. Nf3 Nc6 9. Be2 Bd7 10. Qd2 Rc8 11. 0-0 Bg4 12. d5 Bxf3 13. Bxf3 Ne5 14. Rac1 Nf6 15. Qf2 Nd3 16. Qe3 Qb6 17. Qxb6 axb6 18. Be3 Nxc1 19. Rxc1 Nd7 20. Bg4 h5 21. Bxd7+ Kxd7 22. Bxb6 Rc4 0-1

[Event "LSS No Engine Cup 229 Preliminary 0"]
[Site "LSS email"]
[Date "2022.08.25"]
[Round "?"]
[White "Csoma, Robert"]
[Black "Vio, Mauro"]
[Result "0-1"]
[WhiteElo "1307"]
[BlackElo "2134"]
[PlyCount "46"]
[EventDate "2022.08.25"]
[EventType "tourn (corr)"]
[EventRounds "6"]
[EventCountry "GER"]
[SourceTitle "Corr 2024"]
[Source "ChessBase"]
[SourceDate "2023.10.19"]
[SourceVersion "1"]
[SourceVersionDate "2023.10.19"]
[SourceQuality "1"]

1. d4 f5 2. Nc3 Nf6 3. Bg5 d5 4. Qd2 e6 5. 0-0-0 c5 6. e3 Be7 7. Bb5+ Bd7 8. Bxd7+ Nbxd7 9. Nge2 Rc8 10. Nf4 Rc6 11. Kb1 0-0 12. f3 cxd4 13. exd4 Bb4 14. Nfe2 Nb6 15. a3 Nc4 16. Qd3 Bxa3 17. Bc1 Bxb2 18. Bxb2 Rb6 19. Na4 Rb4 20. Nc5 Rxb2+ 21. Kc1 Qb6 22. Nb3 Qb4 23. Qc3 Qa3 0-1

[Event "LSS No Engine Cup 229 Preliminary 0"]
[Site "LSS email"]
[Date "2022.08.25"]
[Round "?"]
[White "Molina, Vicente Andres"]
[Black "Csoma, Robert"]
[Result "0-1"]
[WhiteElo "998"]
[BlackElo "1307"]
[PlyCount "64"]
[EventDate "2022.08.25"]
[EventType "tourn (corr)"]
[EventRounds "6"]
[EventCountry "GER"]
[SourceTitle "Corr 2024"]
[Source "ChessBase"]
[SourceDate "2023.10.19"]
[SourceVersion "1"]
[SourceVersionDate "2023.10.19"]
[SourceQuality "1"]

1. e4 c5 2. Nf3 d6 3. c3 Nf6 4. Bb5+ Bd7 5. Bxd7+ Nbxd7 6. d3 e6 7. Bg5 Be7 8. Nbd2 0-0 9. 0-0 h6 10. Bf4 Rc8 11. h3 Qb6 12. Rb1 e5 13. Be3 Qa6 14. a4 Qxd3 15. Ne1 Qa6 16. f4 d5 17. fxe5 Nxe5 18. exd5 Nxd5 19. Bf2 Nb6 20. b4 cxb4 21. cxb4 Qxa4 22. Bxb6 Qxd1 23. Rxd1 axb6 24. Nef3 Nxf3+ 25. Nxf3 Bxb4 26. Rd7 Bc5+ 27. Kh1 Rb8 28. Ne5 b5 29. Rfxf7 Rxf7 30. Nxf7 b4 31. Ne5 b3 32. Nd3 Ba3 0-1

[Event "LSS No Engine Cup 229 Preliminary 0"]
[Site "LSS email"]
[Date "2022.08.25"]
[Round "?"]
[White "Sheers, Matthew"]
[Black "Csoma, Robert"]
[Result "1-0"]
[WhiteElo "2273"]
[BlackElo "1307"]
[PlyCount "47"]
[EventDate "2022.08.25"]
[EventType "tourn (corr)"]
[EventRounds "6"]
[EventCountry "GER"]
[SourceTitle "Corr 2024"]
[Source "ChessBase"]
[SourceDate "2023.10.19"]
[SourceVersion "1"]
[SourceVersionDate "2023.10.19"]
[SourceQuality "1"]

1. d4 f5 2. g3 Nf6 3. Bg2 e6 4. Nf3 Be7 5. c4 0-0 6. 0-0 d5 7. Nc3 c6 8. Qc2 Nbd7 9. Bf4 Nh5 10. Bd2 dxc4 11. e4 Nb6 12. Rad1 Nf6 13. Rfe1 Bd7 14. Ne5 Bd6 15. Bg5 h6 16. Nxd7 Qxd7 17. Bxf6 gxf6 18. exf5 exf5 19. Bh3 Nd5 20. Bxf5 Qg7 21. Re4 Kh8 22. Rg4 Qe7 23. Nxd5 cxd5 24. Qd2 1-0

[Event "LSS SF-2022-0-00524"]
[Site "LSS email"]
[Date "2022.08.13"]
[Round "?"]
[White "Csoma, Robert"]
[Black "Beaver, Michael"]
[Result "0-1"]
[WhiteElo "1049"]
[BlackElo "1136"]
[PlyCount "74"]
[EventDate "2022.04.08"]
[EventType "tourn (corr)"]
[EventRounds "6"]
[EventCountry "GER"]
[SourceTitle "Corr 2024"]
[Source "ChessBase"]
[SourceDate "2023.10.19"]
[SourceVersion "1"]
[SourceVersionDate "2023.10.19"]
[SourceQuality "1"]

1. d4 Nc6 2. d5 Ne5 3. f4 Ng6 4. e4 e5 5. dxe6 dxe6 6. Bd3 Bb4+ 7. c3 Bc5 8. Nf3 Nf6 9. Qe2 0-0 10. Be3 Bxe3 11. Qxe3 Nxf4 12. Bf1 e5 13. g3 Nh3 14. Nbd2 Bg4 15. Nxe5 Qe7 16. Nxg4 Nxg4 17. Qe2 Nhf2 18. Rg1 f5 19. h3 fxe4 20. hxg4 e3 21. Nc4 Rae8 22. Bg2 b5 23. Na3 Rd8 24. Qxb5 Nd3+ 25. Kd1 Nxb2+ 26. Kc1 Qxa3 27. Qxb2 Qd6 28. Be4 Rb8 29. Qc2 Rf2 30. Qd3 Qa3+ 31. Kd1 Rd2+ 32. Qxd2 exd2 33. Kxd2 Qb2+ 34. Ke3 Qxc3+ 35. Kf4 Rf8+ 36. Kg5 Qe3+ 37. Kh4 Qh6# 0-1

[Event "LSS No Engine Cup 226 Preliminary 0"]
[Site "LSS email"]
[Date "2022.03.27"]
[Round "?"]
[White "Lombardi, Donato"]
[Black "Csoma, Robert"]
[Result "1-0"]
[WhiteElo "1065"]
[BlackElo "1336"]
[PlyCount "101"]
[EventDate "2022.03.27"]
[EventType "tourn (corr)"]
[EventRounds "6"]
[EventCountry "GER"]
[SourceTitle "Corr 2024"]
[Source "ChessBase"]
[SourceDate "2023.10.19"]
[SourceVersion "1"]
[SourceVersionDate "2023.10.19"]
[SourceQuality "1"]

1. e4 c5 2. d4 cxd4 3. Qxd4 Nc6 4. Qe3 d6 5. Nf3 Nf6 6. Nc3 e6 7. Bb5 Bd7 8. 0-0 Be7 9. Re1 0-0 10. Bd2 a6 11. Ba4 b5 12. Bb3 Na5 13. e5 dxe5 14. Ne4 Nxb3 15. axb3 Qc7 16. Ba5 Qxc2 17. Rad1 Qxe4 18. Qxe4 Nxe4 19. Rxd7 Nxf2 20. Kxf2 Bc5+ 21. Kg3 f6 22. b4 Ba7 23. Red1 Rf7 24. Rd8+ Rxd8 25. Rxd8+ Rf8 26. Rxf8+ Kxf8 27. Nd2 f5 28. Bc7 Bd4 29. b3 Bc3 30. Nf3 Bxb4 31. Nxe5 a5 32. Nc6 a4 33. Nxb4 axb3 34. Be5 g5 35. Bb2 Kf7 36. Kf3 Ke7 37. Ke3 Kd6 38. Bf6 h6 39. Kd3 e5 40. Kc3 Ke6 41. Bd8 e4 42. Bb6 f4 43. Kxb3 e3 44. Kc3 Kf5 45. Kd3 g4 46. Bc5 h5 47. Nc6 h4 48. Nd4+ Ke5 49. Nxb5 h3 50. gxh3 gxh3 51. Bxe3 1-0

[Event "FICGS W-ch st1 g03 email"]
[Site "FICGS email"]
[Date "2022.03.14"]
[Round "1"]
[White "Csoma, Robert"]
[Black "Bovary, Charles"]
[Result "0-1"]
[WhiteElo "1741"]
[BlackElo "2089"]
[PlyCount "26"]
[EventDate "2022.??.??"]
[EventType "tourn (corr)"]
[EventRounds "6"]
[SourceTitle "Corr 2024"]
[Source "ChessBase"]
[SourceDate "2023.10.19"]
[SourceVersion "1"]
[SourceVersionDate "2023.10.19"]
[SourceQuality "1"]

1. e4 e5 2. Nf3 Nc6 3. d4 exd4 4. Nxd4 Bc5 5. Be3 Qf6 6. c3 Nge7 7. Bc4 Ne5 8. Be2 Qg6 9. 0-0 d6 10. Nd2 Bh3 11. Bf3 h5 12. Kh1 Nxf3 13. gxh3 Nxd2 0-1

[Event "FICGS W-ch st1 g03 email"]
[Site "FICGS email"]
[Date "2022.03.14"]
[Round "1"]
[White "Pech, Jaroslav Senior"]
[Black "Csoma, Robert"]
[Result "1-0"]
[WhiteElo "1873"]
[BlackElo "1741"]
[PlyCount "37"]
[EventDate "2022.??.??"]
[EventType "tourn (corr)"]
[EventRounds "6"]
[SourceTitle "Corr 2024"]
[Source "ChessBase"]
[SourceDate "2023.10.19"]
[SourceVersion "1"]
[SourceVersionDate "2023.10.19"]
[SourceQuality "1"]

1. e4 c5 2. Nf3 d6 3. d4 cxd4 4. Nxd4 Nf6 5. Nc3 a6 6. Be3 e6 7. Be2 Be7 8. 0-0 Bd7 9. f4 0-0 10. g4 Nc6 11. g5 Ne8 12. h4 b5 13. a3 Rb8 14. f5 Kh8 15. Nxc6 Bxc6 16. Bd3 a5 17. Qh5 g6 18. Qh6 Rg8 19. fxe6 1-0

[Event "FICGS theme 0252 email"]
[Site "FICGS email"]
[Date "2022.03.12"]
[Round "1"]
[White "Csoma, Robert"]
[Black "Brand Lyard, Paul"]
[Result "1-0"]
[WhiteElo "1741"]
[BlackElo "1515"]
[PlyCount "129"]
[EventDate "2022.??.??"]
[EventType "swiss (corr)"]
[EventRounds "1"]
[SourceTitle "Corr 2024"]
[Source "ChessBase"]
[SourceDate "2023.10.19"]
[SourceVersion "1"]
[SourceVersionDate "2023.10.19"]
[SourceQuality "1"]

1. d4 d5 2. Nf3 Nf6 3. c4 e6 4. Nc3 c6 5. Qd3 dxc4 6. Qxc4 b5 7. Qd3 a6 8. g4 Nxg4 9. h3 b4 10. hxg4 bxc3 11. bxc3 g6 12. Bg5 Qd5 13. e4 Qb5 14. Rb1 Qxd3 15. Bxd3 h6 16. Bf6 Rh7 17. Ng5 Be7 18. Bxe7 Kxe7 19. f4 f6 20. Nf3 e5 21. f5 gxf5 22. gxf5 Nd7 23. Nh4 Rg7 24. Ng6+ Kd6 25. Rxh6 exd4 26. cxd4 a5 27. Kd2 Ba6 28. Rb3 Bxd3 29. Kxd3 c5 30. Rb2 cxd4 31. Kxd4 Rc8 32. Rb5 a4 33. Rb4 a3 34. Ra4 Nb6 35. Rxa3 Rc4+ 36. Kd3 Rgc7 37. Rh8 R7c5 38. Rb8 Nd7 39. Ra6+ Kc7 40. Rb3 Rc1 41. a4 Rd1+ 42. Ke2 Rcc1 43. Re3 Re1+ 44. Kf3 Rf1+ 45. Kg4 Kb7 46. Ra5 Kb6 47. Rb5+ Kc6 48. Rbb3 Ne5+ 49. Nxe5+ fxe5 50. Rec3+ Rxc3 51. Rxc3+ Kb6 52. Kg5 Rg1+ 53. Kf6 Ka5 54. Rc4 Rh1 55. Kxe5 Rb1 56. f6 Rb7 57. Ke6 Rb8 58. f7 Rb6+ 59. Ke7 Rb7+ 60. Kf6 Rb8 61. Kg7 Kb6 62. f8Q Rb7+ 63. Kg6 Rd7 64. Qb8+ Ka5 65. Qb5# 1-0

[Event "FICGS theme 0252 email"]
[Site "FICGS email"]
[Date "2022.03.12"]
[Round "1"]
[White "Foster, Duncan"]
[Black "Csoma, Robert"]
[Result "1-0"]
[WhiteElo "1920"]
[BlackElo "1741"]
[PlyCount "43"]
[EventDate "2022.??.??"]
[EventType "swiss (corr)"]
[EventRounds "1"]
[SourceTitle "Corr 2024"]
[Source "ChessBase"]
[SourceDate "2023.10.19"]
[SourceVersion "1"]
[SourceVersionDate "2023.10.19"]
[SourceQuality "1"]

1. d4 d5 2. Nf3 Nf6 3. c4 e6 4. Nc3 c6 5. Qd3 dxc4 6. Qxc4 b5 7. Qd3 a6 8. g4 Nxg4 9. Bg5 Be7 10. Bf4 Bd6 11. Bxd6 Qxd6 12. Rg1 e5 13. h3 Nh6 14. Rxg7 Bf5 15. Qe3 Kf8 16. dxe5 Qe6 17. Nd4 Kxg7 18. Nxe6+ fxe6 19. Qg5+ Bg6 20. Qf6+ Kg8 21. 0-0-0 Nf7 22. Qxe6 1-0